Das Grundrecht auf bioethische Selbstbestimmung: zur Rekonstruktion des allgemeinen Persönlichkeitsrechts
| 1. VerfasserIn: | |
|---|---|
| Medienart: | Druck Buch |
| Sprache: | Deutsch |
| Veröffentlicht: |
Baden-Baden
Nomos-Verl.-Ges.
1997
|
| In: |
Nomos-Universitätsschriften (238)
Jahr: 1997 |
| Ausgabe: | 1. Aufl. |
| Online-Zugang: |
Inhaltsverzeichnis Inhaltsverzeichnis |
| Verfügbarkeit prüfen: | HBZ Gateway |
| Subito Bestelldienst: | Jetzt bestellen. |
| Schlagwörter: |
MARC
| LEADER | 00000cam a2200000 c 4500 | ||
|---|---|---|---|
| 001 | 222740000 | ||
| 003 | DE-627 | ||
| 005 | 20260206205044.0 | ||
| 007 | tu | ||
| 008 | 970124s1997 gw ||||| m 00| ||ger c | ||
| 015 | |a 97,N05,0266 |2 dnb | ||
| 015 | |a 97,H07,0342 |2 dnb | ||
| 016 | 7 | |a 949427594 |2 DE-101 | |
| 020 | |a 3789046388 |c (brosch.) |9 3-7890-4638-8 | ||
| 035 | |a (DE-627)222740000 | ||
| 035 | |a (DE-603)051497832 | ||
| 035 | |a (DE-576)057288577 | ||
| 035 | |a (DE-599)DNB949427594 | ||
| 035 | |a (OCoLC)243851937 | ||
| 035 | |a (OCoLC)41886339 | ||
| 035 | |a (AT-OBV)AC01840556 | ||
| 040 | |a DE-627 |b ger |c DE-627 |e rakwb | ||
| 041 | |a ger | ||
| 044 | |c XA-DE | ||
| 060 | 0 | |a W 50 | |
| 084 | |a 19 |a 33 |2 sdnb | ||
| 084 | |a PL 404 |2 rvk |0 (DE-625)rvk/137006: | ||
| 084 | |a PL 402 |2 rvk |0 (DE-625)rvk/137005: | ||
| 084 | |a PJ 2380 |2 rvk |0 (DE-625)rvk/136660: | ||
| 084 | |a 42.02 |2 bkl | ||
| 084 | |a 86.46 |2 bkl | ||
| 084 | |a 86.45 |2 bkl | ||
| 100 | 1 | |8 1\p |a Koppernock, Martin |d 1964- |0 (DE-588)173075886 |0 (DE-627)704731118 |0 (DE-576)363113037 |4 aut | |
| 109 | |a Koppernock, Martin 1964- | ||
| 245 | 1 | 4 | |a Das Grundrecht auf bioethische Selbstbestimmung |b zur Rekonstruktion des allgemeinen Persönlichkeitsrechts |c Martin Koppernock |
| 250 | |a 1. Aufl. | ||
| 264 | 1 | |a Baden-Baden |b Nomos-Verl.-Ges. |c 1997 | |
| 300 | |a 242 S. |c 23 cm | ||
| 336 | |a Text |b txt |2 rdacontent | ||
| 337 | |a ohne Hilfsmittel zu benutzen |b n |2 rdamedia | ||
| 338 | |a Band |b nc |2 rdacarrier | ||
| 490 | 1 | |a Nomos-Universitätsschriften |a Recht |v 238 | |
| 500 | |a Literaturverz. S. 224 - 242 | ||
| 502 | |a Zugl.: Frankfurt (Main), Univ., Diss., 1996 | ||
| 583 | 1 | |a Archivierung/Langzeitarchivierung gewährleistet |f PEBW |x XA-DE-BW |2 pdager |5 DE-31 | |
| 650 | 2 | |a Ethics, Medical | |
| 650 | 2 | |a Bioethics | |
| 650 | 2 | |a Lagislation | |
| 650 | 2 | |a Philosophy | |
| 650 | 2 | |a Human Rights | |
| 650 | 4 | |a Grundrecht, Staatsverfassung, Prinzip, Lebensschutz, Autonomie, Kriterium | |
| 655 | 7 | |a Hochschulschrift |0 (DE-588)4113937-9 |0 (DE-627)105825778 |0 (DE-576)209480580 |2 gnd-content | |
| 689 | 0 | 0 | |d s |0 (DE-588)4074676-8 |0 (DE-627)10608870X |0 (DE-576)209194928 |a Medizintechnik |2 gnd |
| 689 | 0 | 1 | |d s |0 (DE-588)4006791-9 |0 (DE-627)104585234 |0 (DE-576)208867074 |a Bioethik |2 gnd |
| 689 | 0 | 2 | |d s |0 (DE-588)4054390-0 |0 (DE-627)106162918 |0 (DE-576)209108495 |a Selbstbestimmungsrecht |2 gnd |
| 689 | 0 | |5 DE-101 | |
| 751 | |a Frankfurt am Main |0 (DE-588)4018118-2 |0 (DE-627)106327356 |0 (DE-576)208922695 |4 uvp | ||
| 830 | 0 | |a Nomos-Universitätsschriften |p Recht |v 238 |9 238 |w (DE-627)130843415 |w (DE-576)01933964X |w (DE-600)1021949-3 |x 2367-394X |7 am | |
| 856 | 4 | 2 | |u https://swbplus.bsz-bw.de/bsz057288577inh.htm |m V:DE-576 |v 2008-08-14 |3 Inhaltsverzeichnis |7 1 |
| 856 | 4 | 2 | |u http://scans.hebis.de/HEBCGI/show.pl?05149783_toc.pdf |m V:DE-603;B:DE-17 |q application/pdf |3 Inhaltsverzeichnis |7 1 |
| 883 | |8 1\p |a cgwrk |d 20241001 |q DE-101 |u https://d-nb.info/provenance/plan#cgwrk | ||
| 889 | |w (DE-627)275176290 | ||
| 935 | |i Blocktest | ||
| 935 | |h HEB |i 0501 | ||
| 935 | |h HEB |i 0503 | ||
| 936 | r | v | |a PL 404 |b Das allgemeine Freiheitsrecht |k Rechtswissenschaft |k Staatsrecht und Verfassungsgeschichte |k Staatsrecht und Verfassungsrecht |k Die Grund- und Menschenrechte, Grundpflichten |k Das allgemeine Freiheitsrecht |0 (DE-627)1271267438 |0 (DE-625)rvk/137006: |0 (DE-576)201267438 |
| 936 | r | v | |a PL 402 |b Menschenwürde |k Rechtswissenschaft |k Staatsrecht und Verfassungsgeschichte |k Staatsrecht und Verfassungsrecht |k Die Grund- und Menschenrechte, Grundpflichten |k Menschenwürde |0 (DE-627)1271188937 |0 (DE-625)rvk/137005: |0 (DE-576)201188937 |
| 936 | r | v | |a PJ 2380 |b Komplexe Untersuchungen, Querschnittsfragen |k Rechtswissenschaft |k Medizinrecht (Biorecht, Recht des Gesundheitswesens, Arzneimittel- und Medizinproduktrecht, Medizinstrafrecht, Apothekenrecht) |k Ethisch-rechtliche Fragen zum Medizin- und Biorecht |k Komplexe Untersuchungen, Querschnittsfragen |0 (DE-627)1448227801 |0 (DE-625)rvk/136660: |0 (DE-576)378227807 |
| 936 | b | k | |a 42.02 |j Philosophie und Theorie der Biologie |0 (DE-627)106416693 |
| 936 | b | k | |a 86.46 |j Staatsrecht |j Verfassungsrecht: Sonstiges |0 (DE-627)106422251 |
| 936 | b | k | |a 86.45 |j Grundrechte |0 (DE-627)106418009 |
| 936 | s | n | |a p100 |2 mzub |
| 936 | s | n | |a w200 |2 mzub |
| 951 | |a BO | ||
| ELC | |b 1 | ||
| LOK | |0 000 xxxxxcx a22 zn 4500 | ||
| LOK | |0 001 3170547003 | ||
| LOK | |0 003 DE-627 | ||
| LOK | |0 004 222740000 | ||
| LOK | |0 005 20151116135141 | ||
| LOK | |0 008 150728||||||||||||||||ger||||||| | ||
| LOK | |0 035 |a (DE-21-110)kd50787 | ||
| LOK | |0 040 |a DE-21-110 |c DE-627 |d DE-21-110 | ||
| LOK | |0 689 |a s |a Sterbehilfe | ||
| LOK | |0 689 |a s |a Todesbegriff | ||
| LOK | |0 689 |a s |a Abtreibung | ||
| LOK | |0 852 |z Kein Bestand am IfK; Nachweis für KrimDok | ||
| LOK | |0 852 |a DE-21-110 | ||
| LOK | |0 852 1 |9 00 | ||
| LOK | |0 935 |a k110 | ||
| LOK | |0 939 |a 28-07-15 |b l01 | ||
| ORI | |a SA-MARC-krimdoka001.raw | ||
